000 01205nam a2200313 i 4500
003 EG-GICUC
005 20260124110334.0
008 251216s1997 ua ||||fr|||| 00| 0 ara d
040 _a EG-GICUC
_bara
_c EG-GICUC
_d EG-GICUC
_erda
041 0 _aara
082 0 4 _221
_a343.46
_bع ل . ح
092 0 4 _221
099 _aLaw1 10 343.46 ع ل . ح 1997
100 0 _aعلي عبد القادر القهوجي
_eمؤلف.
245 1 2 _aالحماية الجنائية لبرامج الحاسب /
_cدكتور علي عبد القادر القهوجي.
264 1 _aالأسكدرية :
_bدار الجامعة الجديدة للنشر،
_c1997.
300 _a96 صفحة ؛
_c24 سم.
336 _2rda content
_atext
337 _2rda media
_aComputer
338 _2rda carrier
_aOnline Resource
504 _aببليوجرافيا: صفحات 86-96.
546 _aالنص باللغة العربية
650 1 4 _aتقنية المعلومات
_xقوانين وتشريعات
650 1 4 _aالقانون الجنائي
653 _aتكنولوجيا المعلومات
856 4 0 _uhttps://fll.law.cu.edu.eg/fulltext/bks/B10-05381.pdf
905 _a77
_eEman
942 _2ddc
_cBK
_e21
_n0
999 _c50736
_d50736